00366 a2200109 4500001001000000005001700010008004100027245008400068100003500152773005200187999001700239ART_2779920260410161949.0260409a 10aLa educación superior universitaria, ¿un desafío para la alfabetización?1 aFernandez, María del Rosario0 tInveniog- Año 1, Nº 2 (nov. 1998)wREV27781 c30232d30232